000 00444nam a2200169 4500
001 VA56496
003 ES-SlBCS
005 20210601160853.0
008 140520s1964 xxu||||| |||| 00| 0 spa d
041 _aspa
100 1 _aD'orian, Ismael
_9395477
245 1 0 _aEl evangelio comentado por un laico
_cIsmael D'Orian
260 _aMadrid :
_bStudium
_c, 1964
300 _a352 p.;
_c19 cm
630 0 4 _aEvangelio Comentado
_9395478
942 _cBK
999 _c834930
_d834930